Eastern Indian bronzes (Record no. 97061)

MARC details
000 -LEADER
fixed length control field 00353nam a2200145Ia 4500
008 - FIXED-LENGTH DATA ELEMENTS--GENERAL INFORMATION
fixed length control field 230917s9999||||xx |||||||||||||| ||und||
040 ## - CATALOGING SOURCE
-- 88877
Original cataloging agency VIVEKANANDA LIBRARY
041 ## - Language
-- English
082 ## - DDC NUMBER
Classification number 709.54 R212E
100 ## - MAIN ENTRY--PERSONAL NAME
Personal name Ray, Nihar Ranjan
245 #0 - TITLE STATEMENT
Title Eastern Indian bronzes
260 ## - PUBLICATION, DISTRIBUTION, ETC. (IMPRINT)
Place of publication, distribution, etc Bombay
Name of publisher, distributor, etc Lalit Kala Academi
Date of publication, distribution, etc 1986
300 ## - PHYSICAL DESCRIPTION
Pages 181 p.
942 ## - ADDED ENTRY ELEMENTS (KOHA)
Koha item type Books
Holdings
Withdrawn status Lost status Damaged status Not for loan Location (home branch) Sublocation or collection (holding branch) Date acquired Koha issues (times borrowed) Koha full call number Accession No. Koha date last seen Koha item type
        VIVEKANANDA LIBRARY VIVEKANANDA LIBRARY 24/04/2003   709.54 R212E 179828 17/09/2023 Books
© Designed and Maintained by Vivekananda Library, MDU Rohtak